00879nam a2200181 a 450000500170000000800410001702000180005805000250007610000200010124500600012126000330018130000310021452001610024565000730040665000730047999900190055295201260057120140414132110.0110513s19uu xx 00 eng d a9780753462591 aREF 609.22bG36 2009 aGifford, Clive. a10 inventors who changed the world /cby Clive Gifford. aLondon :bKingfisher,c2009. a63 p. : col. ill. ; 29 cm. aIncludes ten riveting, in-depth biographies in a graphic novel format of legendary inventors, including Galileo, Thomas Edison, Ben Franklin and James Watt. aInventorsxBiographyxComic books, strips, etcxJuvenile literature. aInventionsxHistoryxComic books, strips, etc.xJuvenile literature. c114724d114724 00104050aMUbMUcREFd2011-05-13eBkRewardg495.00l0oREF 609.22 G36 2009pM6616r2014-04-14 00:00:00w2014-04-14yBK